00449nam a22001697a 4500003001100000005001700011008004100028020001500069040003900084041000800123082001300131100001900144245004800163260002700211300002100238650002000259LK-CoMWRAF20231019230507.0231019b |||||||| |||| 00| 0 eng d a0460022954 aLK-CoMWRAFdLK-CoMWRAFeLK-CoMWRAF aeng a823bLEE aLee, Hermione  aThe Secret self : bShort stories by women  aLondon :bDent, c1985 axv,382p. ; 20cm. aEnglish Fiction